'NSYNC Songs - Statistics

General Stats
  • This quiz has been taken 655 times
    480 since last reset
  • The average score is 13 of 38
Answer Stats
Album Name Song % Correct
No Strings Attached Bye Bye Bye
94%
(2000) It's Gonna Be Me
76%
Celebrity Pop
71%
*NSYNC Tearin' Up My Heart
67%
I Want You Back
64%
This I Promise You
61%
No Strings Attached
60%
Gone
54%
(2001) Celebrity
53%
Girlfriend
50%
Space Cowboy (Yippie-Yi-Yay)
47%
I Drive Myself Crazy
45%
Just Got Paid
43%
God Must Have Spent A Little More Time On You
42%
Digital Get Down
41%
It Makes Me Ill
35%
Here We Go
32%
Sailing
32%
I Thought She Knew
31%
For The Girl Who Has Everything
25%
The Game Is Over
24%
Bringin' Da Noise
21%
Giddy Up
20%
Selfish
20%
That's When I'll Stop Loving You
20%
Just Don't Tell Me That
18%
Up Against the Wall
18%
Crazy For You
17%
Tell Me, Tell Me...Baby
17%
You Got It
17%
(1998) I Just Wanna Be With You
16%
I'll Be Good For You
16%
The Two of Us
16%
Everything I Own
14%
I Need Love
14%
Something Like You
14%
Do Your Thing
12%
See Right Through You
11%
No matching quizzes found
Score Distribution
Percent of People with Each Score
Percentile by Number Answered
Your Score History
You have not taken this quiz since the last reset